000 00693nam a2200229Ia 4500
003 OSt
005 20220927105218.0
006 a|||||r|||| 00| 0
007 ta
008 220926b |||||||| |||| 00| 0 eng d
024 _a188188
037 _cReference Collections
040 _aRTL
_cRTL
_beng
041 _2eng
_aeng
082 _a"W:77.3.N5<-L50, M3/SC"
100 _aSchweinitz Karl De
_9371014
245 0 _aRise and fall of British India
_b Imperialism as inequality
260 _aLondon
_bMethuen
_c1983
300 _a275p
_ccm.
942 _h"W:77.3.N5<-L50, M3/SC"
_cCC
999 _c691261
_d691261